Подробности
| 000 -МАРКЕР |
| контрольное поле |
10071njm0a2200601 4500 |
| 001 - ИДЕНТИФИКАТОР ЗАПИСИ |
| контрольное поле |
RU\NLR\ONIZ\263656 |
| 005 - ИДЕНТИФИКАТОР ВЕРСИИ |
| контрольное поле |
20250708193242.0 |
| 035 ## - ДРУГИЕ СИСТЕМНЫЕ НОМЕРА |
| Идентификатор записи |
(NLR Aleph) 012672670 |
| 071 00 - ИЗДАТЕЛЬСКИЙ НОМЕР |
| Номер, присвоенный агентством |
М10 45589-600 003 |
| 100 ## - ДАННЫЕ ОБЩЕЙ ОБРАБОТКИ |
| Данные общей обработки |
20210323d1984 |||y0rusy50 ca |
| 102 ## - СТРАНА ПУБЛИКАЦИИ ИЛИ ПРОИЗВОДСТВА |
| Страна публикации |
российская федерация |
| 126 ## - ПОЛЕ КОДИРОВАННЫХ ДАННЫХ: ЗВУКОЗАПИСИ - ФИЗИЧЕСКИЕ ХАРАКТЕРИСТИКИ |
| Кодированные данные звукозаписи (общие) |
zxaxexu ux |
| Кодированные данные звукозаписи (уточнения) |
xxx |
| 127 ## - ПОЛЕ КОДИРОВАННЫХ ДАННЫХ: ПРОДОЛЖИТЕЛЬНОСТЬ ЗВУКОЗАПИСЕЙ И НОТНЫХ ИЗДАНИЙ (МУЗЫКАЛЬНОЕ ИСПОЛНЕНИЕ) |
| Продолжительность |
000270 |
| 135 ## - ПОЛЕ КОДИРОВАННЫХ ДАННЫХ: ЭЛЕКТРОННЫЕ РЕСУРСЫ |
| Кодированные данные для электронного ресурса |
honoannnanndn |
| 200 1# - ЗАГЛАВИЕ И СВЕДЕНИЯ ОБ ОТВЕТСТВЕННОСТИ |
| Основное заглавие |
32 сонаты для фортепиано в исполнении Артура Шнабеля |
| Общее обозначение материала |
Звукозапись |
| Обозначение и номер части |
Комплект 2 |
| Первые сведения об ответственности |
Л. Бетховен |
| 203 ## - ВИД СОДЕРЖАНИЯ И ТИП СРЕДСТВА |
| Вид содержания |
музыка |
| Дополнительные сведения об издании |
исполняемый |
| -- |
слуховой |
| Тип средства |
аудио |
| 210 ## - ПУБЛИКАЦИЯ, РАСПРОСТРАНЕНИЕ И ДР. |
| Место издания, распространения и т.д. |
Москва |
| Имя издателя, распространителя и т. д. |
Мелодия |
| Имя изготовителя |
ВСГ |
| Место изготовления |
Москва |
| Дата издания, распространения и т.д. |
1984 |
| 215 ## - ФИЗИЧЕСКАЯ ХАРАКТЕРИСТИКА |
| Специфическое обозначение материала и объем |
6 грп. [ГОСТ 5289-80] (270 мин) : 33 об/мин, моно |
| Размеры |
30 см, в конв |
| 300 ## - ОБЩИЕ ПРИМЕЧАНИЯ |
| Текст примечания |
Архивные записи 1932-1937 гг. |
| 327 1# - ПРИМЕЧАНИЯ О СОДЕРЖАНИИ |
| Текст примечания |
1. Соната № 17 : ре минор : соч. 31 № 2 ; |
| -- |
2. Соната № 18 : Ми бемоль мажор : соч. 31 № 3 ; |
| -- |
3. Соната № 12 : Ля бемоль мажор : соч. 26 ; |
| -- |
4. Соната № 20 : Соль мажор : соч. 49 № 2 ; |
| -- |
5. Соната № 23 : "Appassionata" : фа минор : соч. 57 ; |
| -- |
6. Соната № 9 : Ми мажор : соч. 14 № 1 ; |
| -- |
7. Соната 29 : Си бемоль мажор : соч. 106 ; |
| -- |
8. Соната № 22 : Фа мажор : соч. 54 ; |
| -- |
9. Соната № 25 : (Сонатина) : Соль мажор : соч. 79 ; |
| -- |
10. Соната № 27 : ми минор : соч. 90 ; |
| -- |
11. Соната № 30 : Ми мажор : соч. 109 ; |
| -- |
12. Соната № 28 : Ля мажор : соч. 101 ; |
| -- |
13. Соната № 26 : Ми бемоль мажор : соч. 81а ; |
| -- |
14. Соната № 31 : Ля бемоль мажор : соч. 110 ; |
| -- |
15. Соната № 21 : "Аврора" : До мажор : соч. 53 ; |
| -- |
16. Соната № 32 : до минор : соч. 111 |
| 464 #0 - АНАЛИТИЧЕСКИЙ УРОВЕНЬ |
| Встроенное поле |
2001#$aСоната № 17$eре минор$eсоч. 31 № 2 |
| -- |
700#1$9z01790$aБетховен$bЛ. ван$gЛюдвиг ван$f1770-1827$4070$7ca |
| -- |
702#1$9z02790$aШнабель$bА.$gАртур$cфортепиано$f1882-1951$4590$4kpf |
| -- |
790#1$9z01700$aBeethoven$bL. van$gLudwig van$f1770-1827$4070$7ba |
| -- |
790#1$9z02702$aSchnabel$bA.$gArtur$f1882-1951$4590$4kpf |
| Заглавие |
Соната № 17 |
| Автор |
Бетховен, Людвиг ван (1770-1827) |
| 464 #0 - АНАЛИТИЧЕСКИЙ УРОВЕНЬ |
| Встроенное поле |
2001#$aСоната № 18$eМи бемоль мажор$eсоч. 31 № 3 |
| -- |
700#1$9z01790$aБетховен$bЛ. ван$gЛюдвиг ван$f1770-1827$4070$7ca |
| -- |
702#1$9z02790$aШнабель$bА.$gАртур$cфортепиано$f1882-1951$4590$4kpf |
| -- |
790#1$9z01700$aBeethoven$bL. van$gLudwig van$f1770-1827$4070$7ba |
| -- |
790#1$9z02702$aSchnabel$bA.$gArtur$f1882-1951$4590$4kpf |
| Заглавие |
Соната № 18 |
| Автор |
Бетховен, Людвиг ван (1770-1827) |
| 464 #0 - АНАЛИТИЧЕСКИЙ УРОВЕНЬ |
| Встроенное поле |
2001#$aСоната № 12$eЛя бемоль мажор$eсоч. 26 |
| -- |
700#1$9z01790$aБетховен$bЛ. ван$gЛюдвиг ван$f1770-1827$4070$7ca |
| -- |
702#1$9z02790$aШнабель$bА.$gАртур$cфортепиано$f1882-1951$4590$4kpf |
| -- |
790#1$9z01700$aBeethoven$bL. van$gLudwig van$f1770-1827$4070$7ba |
| -- |
790#1$9z02702$aSchnabel$bA.$gArtur$f1882-1951$4590$4kpf |
| Заглавие |
Соната № 12 |
| Автор |
Бетховен, Людвиг ван (1770-1827) |
| 464 #0 - АНАЛИТИЧЕСКИЙ УРОВЕНЬ |
| Встроенное поле |
2001#$aСоната № 20$eСоль мажор$eсоч. 49 № 2 |
| -- |
700#1$9z01790$aБетховен$bЛ. ван$gЛюдвиг ван$f1770-1827$4070$7ca |
| -- |
702#1$9z02790$aШнабель$bА.$gАртур$cфортепиано$f1882-1951$4590$4kpf |
| -- |
790#1$9z01700$aBeethoven$bL. van$gLudwig van$f1770-1827$4070$7ba |
| -- |
790#1$9z02702$aSchnabel$bA.$gArtur$f1882-1951$4590$4kpf |
| Заглавие |
Соната № 20 |
| Автор |
Бетховен, Людвиг ван (1770-1827) |
| 464 #0 - АНАЛИТИЧЕСКИЙ УРОВЕНЬ |
| Встроенное поле |
2001#$aСоната № 23$e"Appassionata"$eфа минор$eсоч. 57 |
| -- |
700#1$9z01790$aБетховен$bЛ. ван$gЛюдвиг ван$f1770-1827$4070$7ca |
| -- |
702#1$9z02790$aШнабель$bА.$gАртур$cфортепиано$f1882-1951$4590$4kpf |
| -- |
790#1$9z01700$aBeethoven$bL. van$gLudwig van$f1770-1827$4070$7ba |
| -- |
790#1$9z02702$aSchnabel$bA.$gArtur$f1882-1951$4590$4kpf |
| Заглавие |
Соната № 23 |
| Автор |
Бетховен, Людвиг ван (1770-1827) |
| 464 #0 - АНАЛИТИЧЕСКИЙ УРОВЕНЬ |
| Встроенное поле |
2001#$aСоната № 9$eМи мажор$eсоч. 14 № 1 |
| -- |
700#1$9z01790$aБетховен$bЛ. ван$gЛюдвиг ван$f1770-1827$4070$7ca |
| -- |
702#1$9z02790$aШнабель$bА.$gАртур$cфортепиано$f1882-1951$4590$4kpf |
| -- |
790#1$9z01700$aBeethoven$bL. van$gLudwig van$f1770-1827$4070$7ba |
| -- |
790#1$9z02702$aSchnabel$bA.$gArtur$f1882-1951$4590$4kpf |
| Заглавие |
Соната № 9 |
| Автор |
Бетховен, Людвиг ван (1770-1827) |
| 464 #0 - АНАЛИТИЧЕСКИЙ УРОВЕНЬ |
| Встроенное поле |
2001#$aСоната 29$eСи бемоль мажор$eсоч. 106 |
| -- |
700#1$9z01790$aБетховен$bЛ. ван$gЛюдвиг ван$f1770-1827$4070$7ca |
| -- |
702#1$9z02790$aШнабель$bА.$gАртур$cфортепиано$f1882-1951$4590$4kpf |
| -- |
790#1$9z01700$aBeethoven$bL. van$gLudwig van$f1770-1827$4070$7ba |
| -- |
790#1$9z02702$aSchnabel$bA.$gArtur$f1882-1951$4590$4kpf |
| Заглавие |
Соната 29 |
| Автор |
Бетховен, Людвиг ван (1770-1827) |
| 464 #0 - АНАЛИТИЧЕСКИЙ УРОВЕНЬ |
| Встроенное поле |
2001#$aСоната № 22$eФа мажор$eсоч. 54 |
| -- |
700#1$9z02790$aБетховен$bЛ. ван$gЛюдвиг ван$f1770-1827$4070$7ca |
| -- |
702#1$9z03790$aШнабель$bА.$gАртур$cфортепиано$f1882-1951$4590$4kpf |
| -- |
790#1$9z02700$aBeethoven$bL. van$gLudwig van$f1770-1827$4070$7ba |
| -- |
790#1$9z03702$aSchnabel$bA.$gArtur$f1882-1951$4590$4kpf |
| Заглавие |
Соната № 22 |
| Автор |
Бетховен, Людвиг ван (1770-1827) |
| 464 #0 - АНАЛИТИЧЕСКИЙ УРОВЕНЬ |
| Встроенное поле |
2001#$aСоната № 25$e(Сонатина)$eСоль мажор$eсоч. 79 |
| -- |
700#1$9z01790$aБетховен$bЛ. ван$gЛюдвиг ван$f1770-1827$4070$7ca |
| -- |
702#1$9z02790$aШнабель$bА.$gАртур$cфортепиано$f1882-1951$4590$4kpf |
| -- |
790#1$9z01700$aBeethoven$bL. van$gLudwig van$f1770-1827$4070$7ba |
| -- |
790#1$9z02702$aSchnabel$bA.$gArtur$f1882-1951$4590$4kpf |
| Заглавие |
Соната № 25 |
| Автор |
Бетховен, Людвиг ван (1770-1827) |
| 464 #0 - АНАЛИТИЧЕСКИЙ УРОВЕНЬ |
| Встроенное поле |
2001#$aСоната № 27$eми минор$eсоч. 90 |
| -- |
700#1$9z01790$aБетховен$bЛ. ван$gЛюдвиг ван$f1770-1827$4070$7ca |
| -- |
702#1$9z02790$aШнабель$bА.$gАртур$cфортепиано$f1882-1951$4590$4kpf |
| -- |
790#1$9z01700$aBeethoven$bL. van$gLudwig van$f1770-1827$4070$7ba |
| -- |
790#1$9z02702$aSchnabel$bA.$gArtur$f1882-1951$4590$4kpf |
| Заглавие |
Соната № 27 |
| Автор |
Бетховен, Людвиг ван (1770-1827) |
| 464 #0 - АНАЛИТИЧЕСКИЙ УРОВЕНЬ |
| Встроенное поле |
2001#$aСоната № 30$eМи мажор$eсоч. 109 |
| -- |
700#1$9z01790$aБетховен$bЛ. ван$gЛюдвиг ван$f1770-1827$4070$7ca |
| -- |
702#1$9z02790$aШнабель$bА.$gАртур$cфортепиано$f1882-1951$4590$4kpf |
| -- |
790#1$9z01700$aBeethoven$bL. van$gLudwig van$f1770-1827$4070$7ba |
| -- |
790#1$9z02702$aSchnabel$bA.$gArtur$f1882-1951$4590$4kpf |
| Заглавие |
Соната № 30 |
| Автор |
Бетховен, Людвиг ван (1770-1827) |
| 464 #0 - АНАЛИТИЧЕСКИЙ УРОВЕНЬ |
| Встроенное поле |
2001#$aСоната № 28$eЛя мажор$eсоч. 101 |
| -- |
700#1$9z01790$aБетховен$bЛ. ван$gЛюдвиг ван$f1770-1827$4070$7ca |
| -- |
702#1$9z02790$aШнабель$bА.$gАртур$cфортепиано$f1882-1951$4590$4kpf |
| -- |
790#1$9z01700$aBeethoven$bL. van$gLudwig van$f1770-1827$4070$7ba |
| -- |
790#1$9z02702$aSchnabel$bA.$gArtur$f1882-1951$4590$4kpf |
| Заглавие |
Соната № 28 |
| Автор |
Бетховен, Людвиг ван (1770-1827) |
| 464 #0 - АНАЛИТИЧЕСКИЙ УРОВЕНЬ |
| Встроенное поле |
2001#$aСоната № 26$eМи бемоль мажор$eсоч. 81а |
| -- |
700#1$9z01790$aБетховен$bЛ. ван$gЛюдвиг ван$f1770-1827$4070$7ca |
| -- |
702#1$9z02790$aШнабель$bА.$gАртур$cфортепиано$f1882-1951$4590$4kpf |
| -- |
790#1$9z01700$aBeethoven$bL. van$gLudwig van$f1770-1827$4070$7ba |
| -- |
790#1$9z02702$aSchnabel$bA.$gArtur$f1882-1951$4590$4kpf |
| Заглавие |
Соната № 26 |
| Автор |
Бетховен, Людвиг ван (1770-1827) |
| 464 #0 - АНАЛИТИЧЕСКИЙ УРОВЕНЬ |
| Встроенное поле |
2001#$aСоната № 31$eЛя бемоль мажор$eсоч. 110 |
| -- |
700#1$9z01790$aБетховен$bЛ. ван$gЛюдвиг ван$f1770-1827$4070$7ca |
| -- |
702#1$9z02790$aШнабель$bА.$gАртур$cфортепиано$f1882-1951$4590$4kpf |
| -- |
790#1$9z01700$aBeethoven$bL. van$gLudwig van$f1770-1827$4070$7ba |
| -- |
790#1$9z02702$aSchnabel$bA.$gArtur$f1882-1951$4590$4kpf |
| Заглавие |
Соната № 31 |
| Автор |
Бетховен, Людвиг ван (1770-1827) |
| 464 #0 - АНАЛИТИЧЕСКИЙ УРОВЕНЬ |
| Встроенное поле |
2000#$aСоната № 21$e"Аврора"$eДо мажор$eсоч. 53 |
| -- |
700#1$9z01790$aБетховен$bЛ. ван$gЛюдвиг ван$f1770-1827$4070$7ca |
| -- |
702#1$9z02790$aШнабель$bА.$gАртур$cфортепиано$f1882-1951$4590$4kpf |
| -- |
790#1$9z01700$aBeethoven$bL. van$gLudwig van$f1770-1827$4070$7ba |
| -- |
790#1$9z02702$aSchnabel$bA.$gArtur$f1882-1951$4590$4kpf |
| Заглавие |
Соната № 21 |
| Автор |
Бетховен, Людвиг ван (1770-1827) |
| 464 #0 - АНАЛИТИЧЕСКИЙ УРОВЕНЬ |
| Встроенное поле |
2001#$aСоната № 32$eдо минор$eсоч. 111 |
| -- |
700#1$9z01790$aБетховен$bЛ. ван$gЛюдвиг ван$f1770-1827$4070$7ca |
| -- |
702#1$9z02790$aШнабель$bА.$gАртур$cфортепиано$f1882-1951$4590$4kpf |
| -- |
790#1$9z01700$aBeethoven$bL. van$gLudwig van$f1770-1827$4070$7ba |
| -- |
790#1$9z02702$aSchnabel$bA.$gArtur$f1882-1951$4590$4kpf |
| Заглавие |
Соната № 32 |
| Автор |
Бетховен, Людвиг ван (1770-1827) |
| 500 00 - УНИФИЦИРОВАННОЕ ЗАГЛАВИЕ |
| Унифицированное заглавие |
Сонаты (32) для фортепиано |
| Общее обозначение материала |
Звукозапись |
| Средства исполнения (для музыкальных произведений) |
фортепиано |
| 606 1# - НАИМЕНОВАНИЕ ТЕМЫ КАК ПРЕДМЕТ |
| Наименование темы |
Сонаты для фортепиано |
| Географический подзаголовок |
Германия |
| Хронологический подзаголовок |
18-19 вв. |
| Формальный подзаголовок |
Звукозапись |
| Код системы |
nlr_sh |
| 686 0# - ИНДЕКСЫ ДРУГИХ КЛАССИФИКАЦИЙ |
| Индекс |
Щ954.2-041я44(4Г) |
| 700 #1 - ИМЯ ЛИЦА - ПЕРВИЧНАЯ ОТВЕТСТВЕННОСТЬ |
| Системный номер авторитетной/нормативной записи |
z01790 |
| Начальный элемент ввода |
Бетховен |
| Часть имени, кроме начального элемента ввода |
Л. ван |
| Даты |
1770-1827 |
| Расширение инициалов личного имени |
Людвиг ван |
| Код отношения |
Композитор |
| Графика поля |
Кириллица |
| 702 #1 - ИМЯ ЛИЦА - ВТОРИЧНАЯ ОТВЕТСТВЕННОСТЬ |
| Системный номер авторитетной/нормативной записи |
z02790 |
| Начальный элемент ввода |
Шнабель |
| Часть имени, кроме начального элемента ввода |
А. |
| Дополнения к именам, кроме дат |
фортепиано |
| Даты |
1882-1951 |
| Расширение инициалов личного имени |
Артур |
| Код отношения |
Исполнитель |
| -- |
|
| 790 #1 - ИМЯ ЛИЦА - АЛЬТЕРНАТИВНАЯ ФОРМА |
| Системный номер авторитетной/нормативной записи |
z01700 |
| Начальный элемент ввода |
Beethoven |
| Часть имени, кроме начального элемента ввода |
L. van |
| Даты |
1770-1827 |
| Расширение инициалов личного имени |
Ludwig van |
| Код отношения |
Композитор |
| Графика поля |
Латинская |
| 790 #1 - ИМЯ ЛИЦА - АЛЬТЕРНАТИВНАЯ ФОРМА |
| Системный номер авторитетной/нормативной записи |
z02702 |
| Начальный элемент ввода |
Schnabel |
| Часть имени, кроме начального элемента ввода |
A. |
| Даты |
1882-1951 |
| Расширение инициалов личного имени |
Artur |
| Код отношения |
Исполнитель |
| -- |
|
| 801 #0 - ИСТОЧНИК ЗАПИСИ |
| Страна |
российская федерация |
| Организация |
NLR |
| Дата составления |
20210323 |
| Правила каталогизации |
PSBO |
| 801 #1 - ИСТОЧНИК ЗАПИСИ |
| Страна |
российская федерация |
| Организация |
NLR |
| Дата составления |
20210323 |
| Источник данных |
rusmarc |
| 801 #2 - ИСТОЧНИК ЗАПИСИ |
| Страна |
российская федерация |
| Организация |
NLR |
| Дата составления |
20210809 |
| 852 ## - МЕСТОНАХОЖДЕНИЕ И ШИФР ХРАНЕНИЯ |
| Идентификатор организации |
NLR |
| Наименование фонда или коллекции (Sub-Location Identifier) |
Мг |
| Шифр хранения (Call Number) |
3/7266[2(1-6)] |
| Страна |
|
| Номер экземпляра |
1 |
| 942 ## - ДОПОЛНИТЕЛЬНЫЕ ЭЛЕМЕНТЫ ЗАПИСИ (АБИС) |
| Тип экземпляра АБИС |
Звукозапись |
| 980 ## - КОЛЛЕКЦИЯ |
| Название коллекции |
Национальная библиография |
| 980 ## - КОЛЛЕКЦИЯ |
| Название коллекции |
Отдел нот и звукозаписей |